000
00286nam a22001337a 4500
008
180118b xxu||||| |||| 00| 0 eng d
020
_a
2900314187856
041
_a
eng
080
_a
34
100
_a
14
101
_a
JUR
245
_a
CIVIL PROCEDURE
_c
SPENCER.A.B
942
_2
udc
_c
BK
999
_c
40498
_d
40498